MARC

LEADER 00000nam0a2200000 4500
001 363988
005 20231102011637.0
035 |a (RuTPU)RU\TPU\retro\21337 
090 |a 363988 
100 |a 20211021d1981 km y0rusy50 ca 
101 0 |a rus 
102 |a RU 
105 |a a z 001zy 
200 1 |a Реконструкция промышленных предприятий  |e опыт ленинградских строителей  |f С. Ф. Прохоркин 
210 |a Москва  |c Стройиздат  |d 1981 
215 |a 128 с.  |c ил. 
320 |a Библиогр.: с. 124 
606 1 |a Промышленные здания  |x Реконструкция  |2 stltpush  |3 (RuTPU)RU\TPU\subj\52500  |9 70912 
610 1 |a экономические аспекты 
610 1 |a строительное производство 
610 1 |a инженерная подготовка 
610 1 |a гидроизоляционные работы 
610 1 |a бетонные работы 
610 1 |a бетонирование 
610 1 |a техника безопасности 
675 |a 69.059.38  |v 4 
700 1 |a Прохоркин  |b С. Ф.  |g Станислав Федорович 
801 1 |a RU  |b 63413507  |c 20211021 
942 |c BK